| 000 | 00614nam a22001817a 4500 | ||
|---|---|---|---|
| 999 |
_c21068 _d21068 |
||
| 003 | AR-CdUCM | ||
| 008 | 191003b ||||| |||| 00| 0 spa d | ||
| 040 |
_aMUNICIPALIDAD PROVINCIAL DEL CUSCO _cBIBLIOTECA MUNICIPAL DEL CUSCO |
||
| 082 |
_aC / 629.1685 / _bAE27 |
||
| 110 |
_aRepública del Perú _925853 |
||
| 245 | _aProyecto aeropuerto internacional del Cuzco / | ||
| 260 |
_aLima : _bConsorcio Airways novoa, _c1984. |
||
| 300 |
_a35 páginas ; _bGráficos, mapas _c30 cm. |
||
| 505 | _aProyecto del aeropuerto de Chinchero | ||
| 650 |
_aProyectos _94155 |
||
| 650 |
_aChinchero _930431 |
||
| 942 |
_2ddc _cLIBROS |
||